000 01353nam0a2200361 4500
001 RU\NLR\bibl\217301
005 20250619102944.0
010 _a5-04-007647-9
_bВ пер.
_912100
021 _aRU
_b2001-36185
_91722
035 _a(NLR Aleph) 000213394
090 _a1239100
_c1239100
100 _a20011217d2001 |||y0rusy50 ca
101 0 _arus
102 _aRU
105 _ay |||||||||
200 1 _aИстукан
_eФантаст. произведения
_fМихаил Тырин
_g[Ил. авт.]
210 _aМ.
_cЭКСМО-пресс
_d2001
215 _a411,[1] с.
_cил.
_d21
225 1 _aАбсолютное оружие
_eАО
327 1 _aСодерж.: Повести: Истукан; Отпусти зверя; Заговор обреченных; Пустоземские камни; Малые возможности
610 0 _aНаучно-фантастические романы и рассказы (х. л.)
675 _a821.161.1-31Тырин
_v3
_zrus
686 _a17.82
_2rugasnti
686 _a84(2Рос=Рус)6-44
_2rubbk
686 _aШ6(2=Р)75-445
700 1 _aТырин
_gМихаил Юрьевич
_4070
801 0 _aRU
_bRKP
_c20011217
_gPSBO
801 1 _aRU
_bRKP
_c20011217
801 2 _aRU
_bNLR
_c20051107
_grcr
942 _cBOOK
980 _aNB